00361nam a2200133Ia 4500008004100000041000800041082001700049100001400066245007100080260003700151300000800188365001700196700001400213230718s9999 xx 000 0 und d aeng a006.7'8bSHR aShroff G. aEnterprise Cloud ComputingbTechnology, Architecture, Applications c2010bCambridge University Press a273 cRs.b1860.00 aShroff G.